Water-based trade paint formulations /

Bibliographic Details
Main Author: Flick, Ernest W.
Format: Book
Language:English
Published: Park Ridge, N.J., U.S.A. : Noyes, [1988]
Subjects:

MARC

Tag First Indicator Second Indicator Subfields
LEADER 00000cam a2200000 a 4500
001 in00000035202
005 20151007055327.0
008 871119s1988 nju 00110 eng
010 |a  87031532  
020 |a 0815511477 :  |c $64.00 
035 |a (OCoLC)17200304 
035 |9 AAB7908AM 
040 |a DLC  |c DLC  |d TXA  |d UtOrBLW 
049 |a TXAM  |c [A11507397] 
050 0 0 |a TP936  |b .F55 1988 
082 0 |a 667/.63/0212  |2 19 
100 1 |a Flick, Ernest W. 
245 1 0 |a Water-based trade paint formulations /  |c by Ernest W. Flick. 
264 1 |a Park Ridge, N.J., U.S.A. :  |b Noyes,  |c [1988] 
264 4 |c ©1988 
300 |a xxv, 697 pages ;  |c 25 cm. 
336 |a text  |b txt  |2 rdacontent 
337 |a unmediated  |b n  |2 rdamedia 
338 |a volume  |b nc  |2 rdacarrier 
500 |a Includes index. 
650 0 |a Emulsion paint. 
999 |a MARS 
999 f f |s 3fa20963-705b-304d-964f-18f76e912be8  |i 2bb72e6e-b035-3ba3-a119-1b9ddaa70b17  |t 0 
952 f f |p ric  |a Texas A&M University  |b Rellis Campus  |c Joint Library Facility  |d Remote Storage  |t 0  |e TP936 .F55 1988  |h Library of Congress classification  |i unmediated -- volume  |m A14811507397 
998 f f |a TP936 .F55 1988  |t 0  |l Remote Storage